X-ray absorption spectroscopic evidence for the formation of Pb(II) inner-sphere adsorption complexes and precipitates at the calcite-water interface /
Đã lưu trong:
| 其他作者: | , , , |
|---|---|
| 格式: | Bài viết |
| 语言: | English |
| 主题: | |
| 标签: |
添加标签
没有标签, 成为第一个标记此记录!
|
| Thư viện lưu trữ: | Thư viện Trường Đại học Đà Lạt |
|---|
| LEADER | 01122nam a2200349 4500 | ||
|---|---|---|---|
| 001 | DLU090094512 | ||
| 005 | ##20091201 | ||
| 040 | # | # | |a DLU |b eng |
| 041 | # | # | |a eng |
| 044 | # | # | |a us |
| 245 | # | # | |a X-ray absorption spectroscopic evidence for the formation of Pb(II) inner-sphere adsorption complexes and precipitates at the calcite-water interface / |c Ashaki A. Rouff ... [et al.]. |
| 653 | # | # | |a Adsorption |
| 653 | # | # | |a Complexation |
| 653 | # | # | |a EXAFS spectrometry |
| 653 | # | # | |a Heavy metal |
| 653 | # | # | |a Water pollution |
| 653 | # | # | |a X ray absorption spectrometry |
| 653 | # | # | |a XANES spectrometry |
| 700 | # | # | |a Elzinga, Evert J. |
| 700 | # | # | |a Fisher, Nicholas S. |
| 700 | # | # | |a Reeder, Richard J. |
| 700 | # | # | |a Rouff, Ashaki A. |
| 773 | # | # | |t Environmental Science & Technology |g Vol. 38, no. 6 (March 2004), p. 1700-1707 |
| 920 | # | # | |a Phòng Tạp chí -- Trung tâm Thông tin - Thư viện Trường Đại học Đà Lạt |
| 994 | # | # | |a DLU |
| 900 | # | # | |a True |
| 911 | # | # | |a Trương Bảo Trâm Anh |
| 925 | # | # | |a G |
| 926 | # | # | |a A |
| 927 | # | # | |a BB |
| 980 | # | # | |a Thư viện Trường Đại học Đà Lạt |